Las nuevas formas de trabajo: su gestión y costos (Registro nro. 12660)

Detalles MARC
000 -LEADER
fixed length control field 00316 a2200109 4500
001 - CONTROL NUMBER
control field ART_52812
005 - DATE AND TIME OF LATEST TRANSACTION
control field 20260410161633.0
008 - FIXED-LENGTH DATA ELEMENTS--GENERAL INFORMATION
fixed length control field 260409a
100 1# - MAIN ENTRY--PERSONAL NAME
Personal name Smolje, Alejandro R.
245 10 - TITLE STATEMENT
Title Las nuevas formas de trabajo: su gestión y costos
773 0# - HOST ITEM ENTRY
Title Enfoques
Related parts - N°5 (mayo 2021)
Record control number REV416

No hay ítems disponibles.